| 000 | 00868cam a2200265 a 4500 | ||
|---|---|---|---|
| 001 | 17454619 | ||
| 005 | 20150118131656.0 | ||
| 008 | 120906s2013 xxka frb f001 0 eng d | ||
| 010 | _a2012028036 | ||
| 020 | _a9781107028753 | ||
| 020 | _a1107028752 | ||
| 040 |
_aDLC _cDLC _dDLC _dEG-ScBUE |
||
| 082 | 0 | 0 |
_a621.384 _222 _bPRI |
| 245 | 0 | 0 |
_aPrinciples of cognitive radio / _cEzio Biglieri ... [et al.] |
| 260 |
_aCambridge, United Kingdom ; _aNew York, United States : _bCambridge University Press, _c2013. |
||
| 300 |
_axxv, 299 p. : _bill. ; _c26 cm. |
||
| 500 | _aIndex : p. 295-299. | ||
| 504 | _aBibliography : p. 259-294. | ||
| 650 | 0 |
_aCognitive radio networks _937226 |
|
| 650 | 0 |
_aRadio frequency allocation _931470 |
|
| 650 | 0 |
_aSoftware radio _937227 |
|
| 653 |
_bENGELC _cJanuary2015 |
||
| 700 | 1 |
_aBiglieri, Ezio _937106 |
|
| 942 |
_2ddc _k621.384 PRI |
||
| 999 |
_c18897 _d18869 |
||